การปรับปรุงกฎหมายกระจายอำนาจให้แก่องค์กรปกครองส่วนท้องถิ่น (ระเบียนเลขที่ 19092)
| 000 -LEADER | |
|---|---|
| fixed length control field | 01323nam a22002177a 4500 |
| 005 - DATE AND TIME OF LATEST TRANSACTION | |
| control field | 20251125232913.0 |
| 008 - FIXED-LENGTH DATA ELEMENTS--GENERAL INFORMATION | |
| fixed length control field | s2546 th tha d |
| 040 ## - CATALOGING SOURCE | |
| Original cataloging agency | NALT |
| 041 ## - LANGUAGE CODE | |
| Language code of text/sound track or separate title | tha |
| 090 ## - LOCALLY ASSIGNED LC-TYPE CALL NUMBER (OCLC); LOCAL CALL NUMBER (RLIN) | |
| Classification number (OCLC) (R) ; Classification number, CALL (RLIN) (NR) | KE91 ธ361ก 2546 |
| 100 0# - MAIN ENTRY--PERSONAL NAME | |
| Personal name | สมคิด เลิศไพฑูรย์ |
| 245 10 - TITLE STATEMENT | |
| Title | การปรับปรุงกฎหมายกระจายอำนาจให้แก่องค์กรปกครองส่วนท้องถิ่น |
| 260 3# - PUBLICATION, DISTRIBUTION, ETC. | |
| Place of publication, distribution, etc. | กรุงเทพฯ : |
| Name of publisher, distributor, etc. | ศูนย์ศึกษาการพัฒนาประชาธิปไตย มหาวิทยาลัยธรรมศาสตร์, |
| Date of publication, distribution, etc. | 2546 |
| 300 ## - PHYSICAL DESCRIPTION | |
| Extent | 140 หน้า ; |
| Other physical details | 29 ซม. |
| 650 04 - SUBJECT ADDED ENTRY--TOPICAL TERM | |
| Topical term or geographic name entry element | องค์กรปกครองส่วนท้องถิ่น -- กฎหมายและระเบียบข้อบังคับ |
| 650 04 - SUBJECT ADDED ENTRY--TOPICAL TERM | |
| Topical term or geographic name entry element | การกระจายอำนาจ -- องค์กรปกครองส่วนท้องถิ่น -- กฎหมายและระเบียบข้อบังคับ |
| 850 ## - HOLDING INSTITUTION | |
| Holding institution | NALT |
| 856 40 - ELECTRONIC LOCATION AND ACCESS | |
| Uniform Resource Identifier | <a href="https://hdl.handle.net/20.500.14156/302636">https://hdl.handle.net/20.500.14156/302636</a> |
| -- | 1 |
| 942 ## - ADDED ENTRY ELEMENTS (KOHA) | |
| Koha item type | Law Book |
| Source of classification or shelving scheme | Library of Congress Classification |
| Koha issues (borrowed), all copies | 11 |
| 998 ## - LOCAL CONTROL INFORMATION (RLIN) | |
| -- | 111 |
| -- | นางสาวพจพิณ พรมเอี่ยม |
| Withdrawn status | Lost status | Damaged status | Not for loan | Collection code | Home library | Current library | Date acquired | Total Checkouts | Full call number | Barcode | Date last seen | Date last checked out | Copy number | Price effective from | Koha item type | Total Renewals |
|---|---|---|---|---|---|---|---|---|---|---|---|---|---|---|---|---|
| Law Book collection | National Assembly Library of Thailand | National Assembly Library of Thailand | 20/10/2021 | 1 | KE 91 ธ361ก 2546 | 3961148858 | 02/11/2021 | 20/10/2021 | ฉ. 2 | 09/06/2017 | Law Book | |||||
| Law Book collection | National Assembly Library of Thailand | National Assembly Library of Thailand | 20/03/2023 | 10 | KE 91 ธ361ก 2546 | 3961148857 | 09/01/2025 | 26/12/2024 | ฉ. 1 | 09/06/2017 | Law Book | 9 |
